| 000 | 00726nam a2200217Ii 4500 | ||
|---|---|---|---|
| 003 | JO-AjNU | ||
| 008 | 230606s9999||||xx |||||||||||||| ||und|| | ||
| 020 | _a978-0-19-471576-8 | ||
| 040 |
_aJO-AjNU _beng _erda _cJO-AjNU |
||
| 041 | _aeng | ||
| 050 | 1 | 4 | _aPE1128 2011 |
| 100 | 3 |
_aPhilpot and Lesley Curnick تاليف;Liz and John Soars محرر, _eauthor _93472 |
|
| 245 | 0 | 0 | _aNew Headway :Academic Skills reading,writing,and study skills Level 3 |
| 250 | _a1 ed | ||
| 264 | 3 | 1 | _aNew York:Oxford University Press,2011 |
| 300 | _a94p | ||
| 336 |
_atext _btxt _2rdacontent |
||
| 337 |
_aunmediated _bn _2rdamedia |
||
| 338 |
_avolume _bnc _2rdacarrier |
||
| 650 | 4 |
_aAcademic Skills reading-writing-and study skills _93473 |
|
| 999 |
_aE1812 _c1812 _d1812 |
||